اسهامات جامعة جازان في التنمية المحلية 1433-2012 / (Record no. 3993)

MARC details
000 -LEADER
fixed length control field 00879nam a2200217 ar4500
001 - CONTROL NUMBER
control field 3995
005 - DATE AND TIME OF LATEST TRANSACTION
control field 20221127090845.0
008 - FIXED-LENGTH DATA ELEMENTS--GENERAL INFORMATION
fixed length control field 141019s su a 00010|ara d
020 ## - INTERNATIONAL STANDARD BOOK NUMBER
International Standard Book Number 9786039040811
082 04 - DEWEY DECIMAL CLASSIFICATION NUMBER
Classification number 378.103
Item number أ600
245 00 - TITLE STATEMENT
Title اسهامات جامعة جازان في التنمية المحلية 1433-2012 /
Statement of responsibility, etc. [دراسة] حسن الحازمي ...(واخ).
250 ## - EDITION STATEMENT
Edition statement ط. 1.
260 ## - PUBLICATION, DISTRIBUTION, ETC.
Place of publication, distribution, etc. جازان :
Name of publisher, distributor, etc. جامعة جازان،
Date of publication, distribution, etc. 2013[1434].
300 ## - PHYSICAL DESCRIPTION
Extent 158 ص. :
Other physical details ايض. لون ؛
Dimensions 24 سم.
504 ## - BIBLIOGRAPHY, ETC. NOTE
Bibliography, etc. note يتضمن ارجاعات ببليوجرافية.
610 04 - SUBJECT ADDED ENTRY--CORPORATE NAME
Corporate name or jurisdiction name as entry element جامعة جازان.
650 #4 - SUBJECT ADDED ENTRY--TOPICAL TERM
Topical term or geographic name entry element الجامعات والكليات
Geographic subdivision السعودية.
650 #4 - SUBJECT ADDED ENTRY--TOPICAL TERM
Topical term or geographic name entry element الجامعات والكليات
General subdivision اسماء.
650 #4 - SUBJECT ADDED ENTRY--TOPICAL TERM
Topical term or geographic name entry element الجامعات والكليات
General subdivision اغراضه واهدافه.
700 0# - ADDED ENTRY--PERSONAL NAME
Personal name الحازمي، حسن بن حجاب.
Holdings
Withdrawn status Lost status Source of classification or shelving scheme Damaged status Not for loan Home library Current library Date acquired Total Checkouts Full call number Barcode Date last seen Copy number Price effective from Koha item type
          CENTRAL CENTRAL 11/27/2022   378.103 أ600 10000000012331 11/27/2022 C1 11/27/2022 Book
          CENTRAL CENTRAL 11/27/2022   378.103 أ600 10000000012330 11/27/2022 C2 11/27/2022 Book